Best selling video game franchises - Statistics

General Stats
  • This quiz has been taken 64 times
  • The average score is 20 of 51
Answer Stats
Sales Franchise % Correct
447 Million Mario
96%
120 Million Call Of Duty
91%
50 Million Halo
77%
85 Million Sonic The Hedgehog
77%
125 Million Grand Theft Auto
75%
219 Million Pokemon
70%
68 Million The Legend Of Zelda
70%
100 Million Need For Speed
60%
43 Million Pac-Man
60%
125 Million Tetris
58%
99 Million Madden NFL
57%
100 Million FIFA
55%
55 Million Assassin's Creed
53%
60 Million Battlefield
53%
35 Million NBA Live
53%
193 Million Wii
53%
54 Million Donkey Kong
51%
102 Million Final Fantasy
49%
29 Million Minecraft
49%
34 Million Street Fighter
45%
38 Million Star Wars
43%
33 Million Mortal Kombat
42%
56 Million Resident Evil
42%
35 Million Tomb Raider
42%
150 Million The Sims
40%
41 Million Tekken
38%
40 Million Crash Bandicoot
36%
70 Million Gran Turismo
36%
33 Million Metal Gear
36%
40 Million Harry Potter
34%
82 Million Winning Eleven/Pro Evolution Soccer
34%
47 Million WWE 2K
34%
50 Million Lego
32%
40 Million Guitar Hero
30%
33 Million Kirby
30%
25 Million Marvel
28%
29 Million Mega Man
23%
30 Million James Bond
21%
38 Million Dragon Ball Z
19%
28 Million Just Dance
19%
31 Million Medal Of Honor
19%
63 Million Tom Clancy
19%
62 Million Dragon Quest
17%
30 Million Tony Hawk
17%
25 Million Counter-Strike
15%
27 Million Ratchet & Clank
13%
50 Million Bejeweled
9%
43 Million Lineage
8%
31 Million Gundam
6%
22 Million Yu-Gi-Oh
6%
35 Million Tap Tap
2%
No matching quizzes found
Score Distribution
Percent of People with Each Score
Percentile by Number Answered
Your Score History
You have not taken this quiz